El control de los impuestos en los paises en desarrollo de America /

Bibliographic Details
Main Author: Illanes, Luis
Other Authors: Díaz McArthur, Leonel
Format: Book
Language:Spanish
Published: Santo Domingo, R.D. : Instituto de Capacitacion Tributaria de la Secretaria de Estado de Finanzas, 1981-
Series:Colección Manuales de finanzas públicas ; 16.
Subjects:

MARC

Tag First Indicator Second Indicator Subfields
LEADER 00000cam a2200000 a 4500
001 in00000540489
005 20151013164446.0
008 821229m19819999dr f00010 spa
010 |a  82198236  
035 |a (OCoLC)09154913 
035 |9 ACG9171AM 
039 0 |a 2  |b 3  |c 3  |d 3  |e 3 
040 |a DLC  |c DLC  |d TXA  |d UtOrBLW 
043 |a cl----- 
049 |a TXAM  |v 4 [805228] 
050 0 0 |a HJ3374.5  |b .I45 1981 
082 0 |a 350.72/4/098  |2 19 
100 1 |a Illanes, Luis. 
245 1 3 |a El control de los impuestos en los paises en desarrollo de America /  |c Luis Illanes, Leonel Diaz McArthur. 
264 1 |a Santo Domingo, R.D. :  |b Instituto de Capacitacion Tributaria de la Secretaria de Estado de Finanzas,  |c 1981- 
300 |a volumes ;  |c 21 cm. 
336 |a text  |b txt  |2 rdacontent 
337 |a unmediated  |b n  |2 rdamedia 
338 |a volume  |b nc  |2 rdacarrier 
490 1 |a Coleccion Manuales de finanzas publicas ;  |v 11-13, 16 
500 |a Volume 4 also has special title: La sancion por el incumplimiento de la obligacion tributaria / Luis Illanes. 
650 0 |a Tax administration and procedure  |z Latin America. 
700 1 |a Díaz McArthur, Leonel. 
830 0 |a Colección Manuales de finanzas públicas ;  |v 16. 
999 |a MARS 
999 f f |s 6c35bffc-1e01-37ba-97c2-f05366025a75  |i 5063e901-4414-34ee-83fe-f1b1ac8d1676  |t 0 
952 f f |p ric  |a Texas A&M University  |b Rellis Campus  |c Joint Library Facility  |d Remote Storage  |t 0  |e HJ3374.5 .I45 1981  |h Library of Congress classification  |i unmediated -- volume  |k v.4  |m A14808736602 
998 f f |a HJ3374.5 .I45 1981  |s v.4  |t 0  |l Remote Storage